Public administration. (Record no. 904)

MARC details
000 -LEADER
fixed length control field 00495cam a2200193ua 4500
008 - FIXED-LENGTH DATA ELEMENTS--GENERAL INFORMATION
fixed length control field 110425n ii |||gr||||Z||||||eng
040 ## - CATALOGING SOURCE
Transcribing agency MAIN
082 ## - DEWEY DECIMAL CLASSIFICATION NUMBER
Classification number 351
245 1# - TITLE STATEMENT
Title Public administration.
Statement of responsibility, etc. By Marshal Edward Dimock.
250 ## - EDITION STATEMENT
Edition statement 3rd.
260 ## - PUBLICATION, DISTRIBUTION, ETC.
Place of publication, distribution, etc. Delhi.:
Name of publisher, distributor, etc. Oxford.,964.
300 ## - PHYSICAL DESCRIPTION
Extent viii, 418 p.:
Dimensions 24 cm.
700 1# - ADDED ENTRY--PERSONAL NAME
Personal name Dimock, Marshal Edward.,
700 1# - ADDED ENTRY--PERSONAL NAME
Personal name Dimock, Gladys Ogden.,
942 ## - ADDED ENTRY ELEMENTS (KOHA)
Koha item type Books
653 ## - INDEX TERM--UNCONTROLLED
Uncontrolled term Political science.
653 ## - INDEX TERM--UNCONTROLLED
Uncontrolled term Public administration.
Holdings
Withdrawn status Lost status Damaged status Not for loan Home library Current library Shelving location Date acquired Total Checkouts Full call number Barcode Date last seen Copy number Price effective from Koha item type
        Central Library, Naharkatiya College Central Library, Naharkatiya College General Stacks 19/09/2020   351 | DIM 241 19/09/2020 1 19/09/2020 Books

Naharkatiya College © 2020. All rights reserved.

Powered By